[Event "12sen.WM-H Naumburg"]
[Site "Naumburg/Saale(20.10.-03.11.)"]
[Date "2002.10.23"]
[Round "3"]
[White "Kraemer, Marianne"]
[Black "Karol, Wolfgang"]
[Result "0-1"]
[WhiteElo "1480"]
[BlackElo "1630"]
[PlyCount "118"]
[EventDate "2002.11.??"]

1. e4 c6 2. Nf3 d6 3. Nc3 Bg4 4. Be2 Nf6 5. O-O e6 6. b3 Be7 7. d4 O-O 8. h3
Bh5 9. Bb2 Qc7 10. Nh2 Bxe2 11. Qxe2 Nbd7 12. f4 Qb6 13. Na4 Qc7 14. c4 b5 15.
cxb5 cxb5 16. Qxb5 Nxe4 17. Qd3 Ndf6 18. Rac1 Qb7 19. Rc2 Rac8 20. Rfc1 Rxc2
21. Rxc2 Rc8 22. Bc1 g6 23. Nb2 Rxc2 24. Qxc2 Qb4 25. Nf3 Qc3 26. Qd1 Nd5 27.
Na4 Qa1 28. Qe1 Ndc3 29. Nxc3 Nxc3 30. Bd2 Qxe1+ 31. Bxe1 Ne2+ 32. Kh2 Nxf4 33.
a3 f6 34. b4 d5 35. Nd2 Ne2 36. Nb3 Kf8 37. Bf2 Ke8 38. Na5 Bd6+ 39. g3 Bc7 40.
Nb3 Bb6 41. Kg2 Kd7 42. a4 Kc6 43. b5+ Kd6 44. a5 Bc7 45. Nc5 Nc3 46. Nb7+ Ke7
47. Be1 Nxb5 48. Bb4+ Bd6 49. Nxd6 Nxd6 50. Bc5 a6 51. Kf3 Kd7 52. g4 Kc6 53.
Kf4 Ne4 54. Bb4 Kb5 55. Be1 g5+ 56. Kf3 Kc4 57. Ke3 Nd6 58. h4 h6 59. hxg5 hxg5
0-1

[Event "12sen.WM-H Naumburg"]
[Site "Naumburg/Saale(20.10.-03.11.)"]
[Date "2002.10.23"]
[Round "3"]
[White "Kraidman, Yair"]
[Black "Goy, Udo"]
[Result "1-0"]
[WhiteElo "2314"]
[BlackElo "2197"]
[PlyCount "89"]
[EventDate "2002.11.??"]

1. d4 e6 2. Nf3 f5 3. g3 Nf6 4. Bg2 d5 5. O-O Nbd7 6. c4 c6 7. Qc2 g6 8. b3 Be7
9. Nbd2 Ne4 10. Bb2 O-O 11. e3 Bf6 12. Ne1 Bg7 13. Nd3 Qf6 14. Nf3 g5 15. Nfe5
Qh6 16. f3 Nef6 17. Rae1 Nxe5 18. dxe5 Nd7 19. e4 dxc4 20. Qxc4 fxe4 21. Qxe4
Nb6 22. Bc1 Qh5 23. g4 Qh4 24. Qe3 Bh6 25. Qf2 Qxf2+ 26. Nxf2 Nd5 27. Ne4 Nf4
28. Nf6+ Kg7 29. Bxf4 gxf4 30. h4 Kg6 31. Re4 Rd8 32. g5 Bf8 33. Rxf4 b6 34.
Bh3 a5 35. Kg2 Ra7 36. Rf2 Bc5 37. Rc2 Bd4 38. Rxd4 Rxd4 39. Rxc6 Bb7 40. Rxe6
Rxh4 41. Ne4+ Kf7 42. Nd6+ Kf8 43. Re8+ Kg7 44. Be6 Bd5 45. Rg8# 1-0

[Event "12sen.WM-H Naumburg"]
[Site "Naumburg/Saale(20.10.-03.11.)"]
[Date "2002.10.23"]
[Round "3"]
[White "Krieger, Hermann"]
[Black "Khanukov, Boris"]
[Result "1/2-1/2"]
[WhiteElo "2237"]
[BlackElo "2370"]
[PlyCount "99"]
[EventDate "2002.11.??"]

1. e4 e5 2. Nf3 Nc6 3. Bb5 a6 4. Ba4 Nf6 5. O-O Be7 6. Re1 b5 7. Bb3 d6 8. c3
O-O 9. h3 Na5 10. Bc2 c5 11. d4 Qc7 12. Nbd2 Nc6 13. d5 Nd8 14. Nf1 Ne8 15.
N3h2 g6 16. f4 exf4 17. Bxf4 f6 18. Qe2 Nf7 19. Rad1 Ng7 20. Ng3 Bd7 21. Rf1
Rae8 22. Bc1 Ne5 23. Nf3 Nxf3+ 24. Qxf3 Bd8 25. Bh6 Qc8 26. Rd2 c4 27. Kh2 Bb6
28. Qf4 Re5 29. Qf3 Bc5 30. Rdd1 a5 31. Rde1 b4 32. Qd1 Qe8 33. Rf3 Re7 34.
Ref1 Ref7 35. Qd2 Bb5 36. Bb1 Qe5 37. Bf4 Qe7 38. Bh6 Qd7 39. Kh1 Qb7 40. Ne2
Qa7 41. Nf4 Bd7 42. Ne6 Nxe6 43. dxe6 Bxe6 44. Bxf8 Rxf8 45. Rxf6 Rxf6 46. Rxf6
Qe7 47. Qg5 Qd7 48. Qh6 Bf7 49. Bc2 Qe8 50. Rf3 1/2-1/2

[Event "12sen.WM-H Naumburg"]
[Site "Naumburg/Saale(20.10.-03.11.)"]
[Date "2002.10.23"]
[Round "3"]
[White "Kripp, Wolfgang"]
[Black "Eidelmann, Vova"]
[Result "1-0"]
[WhiteElo "2172"]
[BlackElo "1845"]
[PlyCount "69"]
[EventDate "2002.11.??"]

1. e4 d6 2. d4 Nf6 3. Nc3 c6 4. f4 Qa5 5. Bd3 Bg4 6. Nf3 Nbd7 7. h3 Bxf3 8.
Qxf3 e5 9. d5 Be7 10. a3 h5 11. Be3 c5 12. O-O a6 13. b4 Qc7 14. b5 Rh6 15. f5
Rh7 16. bxa6 bxa6 17. Rfb1 c4 18. Be2 Qa5 19. Bd2 Qc5+ 20. Qe3 Qd4 21. Bf3 Nc5
22. Re1 g5 23. fxg6 fxg6 24. Rad1 g5 25. Bc1 Qxe3+ 26. Rxe3 g4 27. Be2 gxh3 28.
gxh3 Kd7 29. Kh2 Rah8 30. Rg1 Bf8 31. Rg6 Ke7 32. Rf3 Nfxe4 33. Nxe4 Nxe4 34.
Bxc4 Rf7 35. Re6+ 1-0

[Event "12sen.WM-H Naumburg"]
[Site "Naumburg/Saale(20.10.-03.11.)"]
[Date "2002.10.23"]
[Round "3"]
[White "Krischer, Ulrich"]
[Black "Wiebke, Elfriede"]
[Result "1-0"]
[WhiteElo "1730"]
[BlackElo "1150"]
[PlyCount "87"]
[EventDate "2002.11.??"]

1. d4 d5 2. Nf3 Nc6 3. e3 Nf6 4. c4 e6 5. Nc3 Bb4 6. a3 Bxc3+ 7. bxc3 O-O 8.
Qc2 Re8 9. cxd5 exd5 10. Be2 Bg4 11. h3 Bxf3 12. Bxf3 b5 13. O-O Ne7 14. a4 Rb8
15. axb5 Nc8 16. Rb1 Nb6 17. Qa2 Ra8 18. Rb4 Ne4 19. Bxe4 Rxe4 20. f3 Re6 21.
Qf2 h6 22. Re1 c6 23. e4 dxe4 24. fxe4 Qe8 25. Qe2 Rc8 26. bxc6 Qxc6 27. Rb3
Na4 28. Bd2 Nb6 29. Qd3 Qc4 30. Qb1 Rg6 31. Rb4 Qe6 32. Qd3 Rf8 33. d5 Qd6 34.
c4 Qc5+ 35. Kh1 Qf2 36. Rg1 Rg3 37. Qc2 Rxg2 38. Rxg2 Qf1+ 39. Kh2 Qf6 40. Qc3
Qd6+ 41. e5 Qd7 42. Bxh6 Kh7 43. Bxg7 Rg8 44. Qd3+ 1-0

[Event "12sen.WM-H Naumburg"]
[Site "Naumburg/Saale(20.10.-03.11.)"]
[Date "2002.10.23"]
[Round "3"]
[White "Krueger, Erich"]
[Black "Waisberg, Arnold"]
[Result "1-0"]
[WhiteElo "2223"]
[BlackElo "2063"]
[PlyCount "125"]
[EventDate "2002.11.??"]

1. d4 d5 2. c4 dxc4 3. Nf3 Nf6 4. Nc3 e6 5. e4 Bb4 6. Bg5 h6 7. Bxf6 Qxf6 8.
Bxc4 O-O 9. O-O c5 10. Nb5 Qe7 11. a3 Ba5 12. dxc5 Qxc5 13. Rc1 Qe7 14. b4 Bb6
15. Qd6 Qxd6 16. Nxd6 Nc6 17. Rfd1 Rd8 18. e5 Bc7 19. Be2 Bxd6 20. exd6 a6 21.
Nd4 Rxd6 22. Nxc6 Rxd1+ 23. Rxd1 bxc6 24. Rd8+ Kh7 25. Bf3 Bb7 26. Rd7 Rb8 27.
Rxf7 Kg6 28. Rc7 Ba8 29. Kf1 Rb6 30. Ke2 Kf6 31. Kd2 Rb5 32. Bxc6 Bxc6 33. Rxc6
a5 34. bxa5 Rxa5 35. Rc3 Ke5 36. Kc2 Kd6 37. Kb3 Rb5+ 38. Ka2 g5 39. a4 Rd5 40.
Kb3 g4 41. Rc2 h5 42. Kb4 Rd1 43. Kb5 Rb1+ 44. Ka6 Rh1 45. a5 Rxh2 46. Kb7 Rh1
47. Rd2+ Kc5 48. Ra2 Rd1 49. a6 Rd7+ 50. Kc8 Rh7 51. a7 Rh8+ 52. Kd7 Ra8 53.
Kxe6 h4 54. Ke5 h3 55. gxh3 gxh3 56. f4 h2 57. Rxh2 Rxa7 58. Rc2+ Kb6 59. f5
Ra8 60. f6 Re8+ 61. Kd6 Rd8+ 62. Ke7 Rd1 63. f7 1-0

[Event "12sen.WM-H Naumburg"]
[Site "Naumburg/Saale(20.10.-03.11.)"]
[Date "2002.10.23"]
[Round "3"]
[White "Kuczmera, Manfred"]
[Black "Axnich, Hellmuth"]
[Result "1-0"]
[WhiteElo "1608"]
[BlackElo "1364"]
[PlyCount "95"]
[EventDate "2002.11.??"]

1. d4 Nf6 2. c4 e6 3. Nc3 a6 4. Bg5 Be7 5. e3 h6 6. Bh4 d5 7. Nf3 c6 8. a3 O-O
9. Be2 b6 10. O-O Nbd7 11. Rc1 Bb7 12. cxd5 cxd5 13. Bd3 Re8 14. Ne5 Nxe5 15.
dxe5 Nd7 16. Bg3 Bh4 17. Bxh4 Qxh4 18. f4 Qe7 19. Bb1 Nf8 20. Ne2 f5 21. Nd4
Rac8 22. Qd2 Rc5 23. b4 Rxc1 24. Rxc1 Rc8 25. Bd3 b5 26. Rxc8 Bxc8 27. Qc2 Bb7
28. Nb3 Qd8 29. Nc5 Qb6 30. Qe2 Bc8 31. Kf2 Qd8 32. h3 g5 33. Qb2 g4 34. Qd4 h5
35. e4 h4 36. exd5 gxh3 37. gxh3 Qxd5 38. Qxd5 exd5 39. Ke3 Ng6 40. e6 Ne7 41.
Kd4 Kf8 42. Ke5 Ke8 43. Bxf5 Nxf5 44. Kxf5 d4 45. Ke4 Ke7 46. f5 Kf6 47. Kxd4
Kxf5 48. e7 1-0

[Event "12sen.WM-H Naumburg"]
[Site "Naumburg/Saale(20.10.-03.11.)"]
[Date "2002.10.23"]
[Round "3"]
[White "Kuhn, Arno[29Ludw]"]
[Black "Fries, Karl_Heinz"]
[Result "0-1"]
[WhiteElo "1532"]
[BlackElo "1727"]
[PlyCount "94"]
[EventDate "2002.11.??"]

1. d4 d5 2. Nf3 e6 3. c4 c6 4. e3 Nd7 5. Bd3 f5 6. O-O Bd6 7. Nc3 Ndf6 8. Ne5
Nh6 9. f3 Qc7 10. f4 O-O 11. Bd2 Ne4 12. Be1 Be7 13. Qh5 Nf6 14. Qe2 Bd7 15.
Rc1 Be8 16. cxd5 Bh5 17. Qd2 exd5 18. Qc2 Qc8 19. Bh4 Qd8 20. h3 Ne4 21. Be1
Kh8 22. Be2 Be8 23. Kh1 Bh4 24. Nxe4 fxe4 25. Bg4 Nxg4 26. Nxg4 Be7 27. Bg3 Bd7
28. Ne5 Bf5 29. Qe2 Qe8 30. Rc2 Rf6 31. Bh4 Rh6 32. Bxe7 Qxe7 33. Ng4 Rh4 34.
Kg1 Bxg4 35. hxg4 Qd7 36. f5 Qd6 37. Rf4 Qh6 38. g5 Rh1+ 39. Kf2 Qxg5 40. Qg4
Qxg4 41. Rxg4 Rf8 42. Kg3 Rxf5 43. Rf4 Rf1 44. Rcf2 Rxf2 45. Rxf2 Rxf2 46. Kxf2
g5 47. g4 Kg7 0-1

[Event "12sen.WM-H Naumburg"]
[Site "Naumburg/Saale(20.10.-03.11.)"]
[Date "2002.10.23"]
[Round "3"]
[White "Langer, Wolfgang[39Leipz]"]
[Black "Kunath, Werner"]
[Result "1/2-1/2"]
[WhiteElo "1813"]
[BlackElo "2122"]
[PlyCount "162"]
[EventDate "2002.11.??"]

1. d4 Nf6 2. g3 c5 3. Nf3 e6 4. c4 cxd4 5. Nxd4 d5 6. Bg2 Bc5 7. Nb3 Bb4+ 8.
N3d2 Nc6 9. O-O O-O 10. cxd5 exd5 11. Nf3 Be6 12. Nbd2 Qd7 13. Nb3 Rad8 14. Bg5
Be7 15. Bxf6 Bxf6 16. Nc5 Qe7 17. Nxe6 fxe6 18. Qb3 Rf7 19. Rad1 b6 20. Bh3 Na5
21. Qb5 Nc4 22. Nd4 Bxd4 23. Rxd4 Rf6 24. b3 Nd6 25. Qd3 Rdf8 26. Rh4 g5 27.
Rh5 Ne4 28. f3 Qf7 29. Bg4 h6 30. Rh3 Qc7 31. Rd1 Qc5+ 32. Qd4 Nc3 33. Qxc5
bxc5 34. Rd2 d4 35. Rh5 Kg7 36. h4 Ne4 37. hxg5 hxg5 38. Rd1 Nxg3 39. Rxg5+ Kh6
40. Rxc5 Nxe2+ 41. Kf2 Nf4 42. Rxd4 Rg6 43. Ra5 e5 44. Rd1 Rf7 45. Ke3 Ng2+ 46.
Ke4 Rf4+ 47. Kd3 e4+ 48. Ke2 exf3+ 49. Bxf3 Re6+ 50. Kf2 Nh4 51. Rh5+ Kg7 52.
Rg1+ Rg6 53. Rxg6+ Kxg6 54. Kg3 Rxf3+ 55. Kxh4 Rf7 56. Rc5 Kf6 57. Kg4 Ke6 58.
b4 Kd6 59. a3 Rf8 60. Rg5 Kc6 61. Rg7 Kb6 62. a4 Rb8 63. Kf4 Rc8 64. Rg6+ Kb7
65. Re6 Rc1 66. a5 Rf1+ 67. Kg5 Rb1 68. Re7+ Ka6 69. Re6+ Kb5 70. Re7 Rg1+ 71.
Kf6 Rf1+ 72. Kg7 Rg1+ 73. Kf8 Rf1+ 74. Ke8 Rh1 75. Kf7 Kxb4 76. Rb7+ Kc5 77.
Ke7 a6 78. Rb6 Rh7+ 79. Kd8 Rg7 80. Kc8 Rh7 81. Kb8 Rg7 1/2-1/2

[Event "12sen.WM-H Naumburg"]
[Site "Naumburg/Saale(20.10.-03.11.)"]
[Date "2002.10.23"]
[Round "3"]
[White "Lieb, Harald"]
[Black "Dille, Janis"]
[Result "0-1"]
[WhiteElo "2314"]
[BlackElo "2032"]
[PlyCount "70"]
[EventDate "2002.11.??"]

1. d4 f5 2. Nf3 Nf6 3. g3 e6 4. Bg2 d5 5. O-O Be7 6. c4 O-O 7. b3 c6 8. Nc3 Ne4
9. Bb2 Nd7 10. Qc2 h5 11. e3 h4 12. Nxh4 Bxh4 13. gxh4 Qxh4 14. Ne2 Rf6 15. f3
Ng5 16. Nf4 Rh6 17. h3 Qg3 18. Kh1 Nf6 19. Qf2 Qxf2 20. Rxf2 Nh5 21. Nd3 Nf7
22. Kg1 g5 23. Re1 Kg7 24. e4 f4 25. Rc2 Nf6 26. Nf2 Bd7 27. e5 Nh5 28. Ng4
Rhh8 29. cxd5 cxd5 30. Rc7 Bc6 31. Ba3 Rac8 32. Re7 Rhe8 33. Nf6 Rxe7 34. Bxe7
Ng3 35. a4 Nf5 0-1

[Event "12sen.WM-H Naumburg"]
[Site "Naumburg/Saale(20.10.-03.11.)"]
[Date "2002.10.23"]
[Round "3"]
[White "Lundberg, Gunnar"]
[Black "Kloos, Gerhard"]
[Result "1-0"]
[WhiteElo "1972"]
[BlackElo "1672"]
[PlyCount "61"]
[EventDate "2002.11.??"]

1. e4 c5 2. Nf3 d6 3. d4 cxd4 4. Nxd4 Nf6 5. Nc3 a6 6. f4 e6 7. Be2 Be7 8. Be3
Nc6 9. O-O Bd7 10. Kh1 Qc7 11. Qe1 Nxd4 12. Bxd4 Bc6 13. Bf3 e5 14. Be3 h5 15.
fxe5 dxe5 16. Qf2 b5 17. Nd5 Qb7 18. Nxe7 Qxe7 19. Bg5 Qe6 20. Bxf6 gxf6 21.
Rfd1 Rc8 22. Qg3 Ke7 23. Qf2 Ke8 24. b3 Qe7 25. Rd2 f5 26. exf5 Bxf3 27. Qxf3
f6 28. Rad1 Qc5 29. Qb7 Qc7 30. Qxc7 Rxc7 31. Rd8+ 1-0

[Event "12sen.WM-H Naumburg"]
[Site "Naumburg/Saale(20.10.-03.11.)"]
[Date "2002.10.23"]
[Round "3"]
[White "Maassen, Hermann"]
[Black "Roellig, Wolfgang"]
[Result "1-0"]
[WhiteElo "1635"]
[BlackElo "1442"]
[PlyCount "61"]
[EventDate "2002.11.??"]

1. e4 e6 2. d4 d5 3. Nc3 Nf6 4. Bg5 Be7 5. e5 Nfd7 6. Bxe7 Qxe7 7. Nf3 c5 8.
dxc5 Qxc5 9. Nb5 O-O 10. Bd3 a6 11. Nbd4 Qb4+ 12. c3 Qxb2 13. O-O Qb6 14. Bxh7+
Kh8 15. Ng5 g6 16. Qg4 Kg7 17. Rab1 Nxe5 18. Qg3 Qd6 19. f4 Nc4 20. Nxf7 Kxf7
21. Qxg6+ Ke7 22. Rfe1 Rf6 23. Qg7+ Rf7 24. Nf5+ Kd8 25. Qxf7 Qd7 26. Qg8+ Kc7
27. Nd4 Qd8 28. Nxe6+ Bxe6 29. Qxe6 Nc6 30. Qf7+ Qd7 31. Rxb7+ 1-0

[Event "12sen.WM-H Naumburg"]
[Site "Naumburg/Saale(20.10.-03.11.)"]
[Date "2002.10.23"]
[Round "3"]
[White "Malich, Burkhard_Dr"]
[Black "Lainburg, Victor"]
[Result "1/2-1/2"]
[WhiteElo "2370"]
[BlackElo "2235"]
[PlyCount "32"]
[EventDate "2002.11.??"]

1. Nf3 d5 2. c4 dxc4 3. Qa4+ Nc6 4. e3 Bd7 5. Bxc4 e6 6. Qc2 Nf6 7. O-O Bd6 8.
d4 Qe7 9. Nbd2 O-O 10. b3 e5 11. dxe5 Nxe5 12. Bb2 c5 13. Be2 Bg4 14. Rfe1 Rfd8
15. h3 Nxf3+ 16. Bxf3 Bxf3 1/2-1/2

[Event "12sen.WM-H Naumburg"]
[Site "Naumburg/Saale(20.10.-03.11.)"]
[Date "2002.10.23"]
[Round "3"]
[White "Malinichev, Konstantin"]
[Black "Ofstad, Per"]
[Result "1-0"]
[WhiteElo "1000"]
[BlackElo "2199"]
[PlyCount "49"]
[EventDate "2002.11.??"]

1. e4 e6 2. d4 d5 3. Nc3 dxe4 4. Nxe4 Nd7 5. Nf3 Ngf6 6. Nxf6+ Nxf6 7. Bg5 Be7
8. Bd3 c5 9. dxc5 Qa5+ 10. c3 Qxc5 11. O-O Bd7 12. Qe2 h6 13. Bf4 Qh5 14. Qc2
O-O 15. Ne5 Rfd8 16. Rfe1 Nd5 17. Bg3 Bc5 18. Rad1 Be8 19. Be4 f6 20. Bh7+ Kh8
21. Bg6 Qg5 22. Bxe8 fxe5 23. Rxe5 Qf6 24. Bh5 Nf4 25. Rxc5 1-0

[Event "12sen.WM-H Naumburg"]
[Site "Naumburg/Saale(20.10.-03.11.)"]
[Date "2002.10.23"]
[Round "3"]
[White "Marzoll, Wolfgang"]
[Black "Hobusch, Werner"]
[Result "1/2-1/2"]
[WhiteElo "2325"]
[BlackElo "2160"]
[PlyCount "27"]
[EventDate "2002.11.??"]

1. e4 c5 2. Nf3 Nc6 3. c3 d5 4. exd5 Qxd5 5. d4 cxd4 6. cxd4 e5 7. Nc3 Bb4 8.
Bd2 Bxc3 9. Bxc3 e4 10. Ne5 Nxe5 11. dxe5 Ne7 12. Qa4+ Bd7 13. Qa3 Qe6 14. Rd1
1/2-1/2

[Event "12sen.WM-H Naumburg"]
[Site "Naumburg/Saale(20.10.-03.11.)"]
[Date "2002.10.23"]
[Round "3"]
[White "Maugg, Ludwig"]
[Black "Rost, Wolfgang_Dr"]
[Result "1-0"]
[WhiteElo "2142"]
[BlackElo "1839"]
[PlyCount "89"]
[EventDate "2002.11.??"]

1. d4 Nf6 2. c4 g6 3. Nc3 Bg7 4. e4 d6 5. Nf3 O-O 6. Be2 e5 7. O-O Nc6 8. d5
Ne7 9. b4 a5 10. Ba3 b6 11. bxa5 Rxa5 12. Bb4 Ra8 13. a4 Nd7 14. a5 bxa5 15.
Bxa5 f5 16. Nb5 Rxa5 17. Rxa5 fxe4 18. Ng5 Nc5 19. Ra7 Nf5 20. Ne6 Nxe6 21.
dxe6 c6 22. e7 Nxe7 23. Nxd6 Nf5 24. Nxe4 Qb6 25. Qa1 Nd4 26. Bd3 Qd8 27. Qa3
Qh4 28. Qd6 Bh3 29. Qe7 Qxe7 30. Rxe7 Bf5 31. Ra1 Rd8 32. Raa7 Ne6 33. Red7 Rb8
34. g4 Bxe4 35. Bxe4 Bf8 36. Bxc6 Rb1+ 37. Kg2 Nf4+ 38. Kf3 Re1 39. Ra8 g5 40.
Rdd8 Ng6 41. Bd5+ Kg7 42. Rd7+ Kh6 43. Ra6 Bc5 44. Bg8 e4+ 45. Kg2 1-0

[Event "12sen.WM-H Naumburg"]
[Site "Naumburg/Saale(20.10.-03.11.)"]
[Date "2002.10.23"]
[Round "3"]
[White "Meinhardt, Guenther"]
[Black "Knobling, Rolf"]
[Result "1-0"]
[WhiteElo "1781"]
[BlackElo "1433"]
[PlyCount "61"]
[EventDate "2002.11.??"]

1. Nf3 d5 2. d4 Nf6 3. c4 e6 4. Nc3 Be7 5. Bg5 h6 6. Bxf6 Bxf6 7. e4 dxe4 8.
Nxe4 c6 9. Be2 Qa5+ 10. Qd2 Qxd2+ 11. Kxd2 Be7 12. a3 O-O 13. Rhd1 Nd7 14. Ke1
Nf6 15. Nfd2 Rd8 16. Nxf6+ Bxf6 17. Nf3 b6 18. Ne5 Bb7 19. Bf3 Bxe5 20. dxe5
Kf8 21. b4 Ke7 22. b5 Rac8 23. Rxd8 Kxd8 24. Rd1+ Ke7 25. Rd6 f6 26. bxc6 Ba6
27. Rd7+ Kf8 28. c7 Ke8 29. Rxg7 Kf8 30. exf6 Bxc4 31. Bb7 1-0

[Event "12sen.WM-H Naumburg"]
[Site "Naumburg/Saale(20.10.-03.11.)"]
[Date "2002.10.23"]
[Round "3"]
[White "Mietner, Franz"]
[Black "Thonig, Manfred"]
[Result "1-0"]
[WhiteElo "1742"]
[BlackElo "1569"]
[PlyCount "85"]
[EventDate "2002.11.??"]

1. e4 g6 2. d4 Bg7 3. Nc3 c6 4. a4 d5 5. e5 f6 6. f4 Nd7 7. Be3 Nh6 8. Bd3 f5
9. h3 e6 10. Nf3 Qe7 11. Qe2 a6 12. Qf2 b6 13. O-O Bb7 14. Nd2 Nf7 15. Nb3 Qd8
16. a5 b5 17. Ne2 Bf8 18. Rfe1 Be7 19. Kh2 h6 20. Ng1 h5 21. Nf3 Nh6 22. Ng5
Nf8 23. Be2 Qc7 24. c3 Bc8 25. Nd2 Bd7 26. b3 Qd8 27. c4 Bb4 28. Ra2 Bxa5 29.
Rb1 b4 30. Rba1 Bc7 31. Rxa6 Rxa6 32. Rxa6 Ba5 33. cxd5 cxd5 34. Qf1 Nf7 35.
Bb5 Nxg5 36. fxg5 Bc7 37. Nf3 Bxb5 38. Qxb5+ Nd7 39. Rxe6+ Kf7 40. Qxd5 Kg7 41.
Qc6 Rf8 42. Rxg6+ Kf7 43. Qe6# 1-0

[Event "12sen.WM-H Naumburg"]
[Site "Naumburg/Saale(20.10.-03.11.)"]
[Date "2002.10.23"]
[Round "3"]
[White "Moschell, Hans_Helmut"]
[Black "Boeven, Manfred"]
[Result "1-0"]
[WhiteElo "1847"]
[BlackElo "2154"]
[PlyCount "73"]
[EventDate "2002.11.??"]

1. c4 e5 2. Nc3 Nf6 3. g3 c6 4. Nf3 e4 5. Ng5 d5 6. d3 h6 7. Nh3 dxc4 8. dxc4
Qxd1+ 9. Nxd1 Na6 10. Bd2 Nb4 11. Bxb4 Bxb4+ 12. Nc3 Be6 13. e3 Bxc3+ 14. bxc3
Nd7 15. Nf4 Ke7 16. Nxe6 Kxe6 17. Bh3+ f5 18. g4 g6 19. gxf5+ gxf5 20. f3 exf3
21. e4 Ne5 22. Kf2 Rad8 23. Rad1 Rhg8 24. Rd4 Rxd4 25. cxd4 Nxc4 26. Bxf5+ Ke7
27. Kxf3 Rd8 28. Rd1 c5 29. d5 Rg8 30. Rc1 Ne5+ 31. Ke3 Kd6 32. Rc2 b5 33. Rf2
Rg7 34. Be6 c4 35. Kd4 b4 36. Rf6 Rg5 37. Bf5+ 1-0

[Event "12sen.WM-H Naumburg"]
[Site "Naumburg/Saale(20.10.-03.11.)"]
[Date "2002.10.23"]
[Round "3"]
[White "Mueller, Hartmut_Dieter"]
[Black "Tschirky, Werner"]
[Result "0-1"]
[WhiteElo "1505"]
[BlackElo "1652"]
[PlyCount "100"]
[EventDate "2002.11.??"]

1. e4 c5 2. Nf3 d6 3. d4 cxd4 4. Nxd4 Nf6 5. Nc3 Nc6 6. Bg5 e6 7. f4 a6 8. Qf3
Nxd4 9. Qd3 Nc6 10. f5 Be7 11. Be2 O-O 12. Be3 b5 13. a3 Qc7 14. Bf4 e5 15. Be3
Bb7 16. Bf3 Rfc8 17. Rc1 Na5 18. g4 Qc4 19. g5 Qxd3 20. cxd3 Ne8 21. h4 Nb3 22.
Rd1 Nd4 23. Bg4 Nc2+ 24. Kf2 Nxe3 25. Kxe3 f6 26. Rhg1 Rc5 27. Bf3 Rac8 28. Rc1
a5 29. Kd2 b4 30. axb4 axb4 31. Na4 Rxc1 32. Rxc1 Rxc1 33. Kxc1 fxg5 34. h5 Bd8
35. b3 Bc6 36. Nb2 Bb5 37. Kd2 Nc7 38. Nc4 Bxc4 39. bxc4 Na6 40. Bd1 Nc5 41.
Be2 h6 42. Kc2 Ba5 43. Kb2 Kf8 44. Ka2 Ke7 45. Kb2 b3 46. Ka3 Bc3 47. Bf1 g4
48. d4 exd4 49. f6+ gxf6 50. e5 b2 0-1

[Event "12sen.WM-H Naumburg"]
[Site "Naumburg/Saale(20.10.-03.11.)"]
[Date "2002.10.23"]
[Round "3"]
[White "Neese, Hans_Joachim"]
[Black "Flores_Escuin, Sadurni"]
[Result "1/2-1/2"]
[WhiteElo "2247"]
[BlackElo "2078"]
[PlyCount "192"]
[EventDate "2002.11.??"]

1. d4 d6 2. c4 f5 3. Nc3 Nf6 4. Nf3 g6 5. g3 Bg7 6. Bg2 c6 7. O-O O-O 8. b4
Nbd7 9. Qb3 h6 10. a4 Kh7 11. Bb2 Qe8 12. b5 c5 13. d5 Ne5 14. Nxe5 dxe5 15. e3
e4 16. f3 exf3 17. Bxf3 e5 18. a5 e4 19. Be2 Nd7 20. Na4 Bxb2 21. Qxb2 b6 22.
axb6 axb6 23. Nc3 Rxa1 24. Rxa1 Bb7 25. Ra7 Qb8 26. Qa1 Rf7 27. Nd1 Ne5 28. Ra3
h5 29. Nf2 Ng4 30. Nh3 Kh6 31. Nf4 g5 32. Ne6 h4 33. Qe1 hxg3 34. Qxg3 Qxg3+
35. hxg3 Ne5 36. Nd8 Rd7 37. Nc6 Nf7 38. Kg2 g4 39. Ra1 Kg6 40. Rh1 Rc7 41. Rh4
Bc8 42. Rh1 Bb7 43. Rd1 Nd6 44. Ra1 Kf6 45. Rf1 Rg7 46. Nd8 Bc8 47. Rh1 Nf7 48.
Nc6 Bb7 49. Nb8 Bc8 50. Ra1 Nd6 51. Nc6 Bb7 52. Nd8 Rd7 53. Ne6 Rh7 54. Nf4 Kg5
55. Ra7 Nc8 56. Ra4 Kf6 57. Bf1 Nd6 58. Be2 Kg5 59. Ra1 Kf6 60. Rf1 Bc8 61. Ra1
Bb7 62. Kg1 Kg5 63. Ra7 Nc8 64. Ra2 Kf6 65. Bf1 Nd6 66. Ra4 Kg5 67. Ne2 Kf6 68.
Nc3 Ke5 69. Ra7 Nc8 70. Ra2 Kd6 71. Rf2 Ke5 72. Na4 Rh6 73. Bg2 Rd6 74. Bf1 Rh6
75. Be2 Rh3 76. Kg2 Rh6 77. Rf4 Rg6 78. Rf1 Rh6 79. Ra1 Kd6 80. Nc3 Ke5 81. Rd1
Nd6 82. Rd2 Rg6 83. Ra2 Nc8 84. Ra1 Rh6 85. Rd1 Nd6 86. Bf1 Rg6 87. Na4 Nc8 88.
Rd2 Rh6 89. Kg1 Ba8 90. Rf2 Bb7 91. Be2 Rf6 92. Rf1 Rg6 93. Rd1 Rh6 94. Bf1 Rd6
95. Be2 Rh6 96. Ra1 Rh7 1/2-1/2

[Event "12sen.WM-H Naumburg"]
[Site "Naumburg/Saale(20.10.-03.11.)"]
[Date "2002.10.23"]
[Round "3"]
[White "Niebling, Ferdinand"]
[Black "Zakhvatov, Vladimir"]
[Result "0-1"]
[WhiteElo "2131"]
[BlackElo "2314"]
[PlyCount "78"]
[EventDate "2002.11.??"]

1. d4 Nf6 2. c4 e6 3. Nc3 Bb4 4. e3 c5 5. Bd3 O-O 6. Nf3 d5 7. O-O Nbd7 8. Qe2
Qc7 9. Bd2 dxc4 10. Bxc4 a6 11. Nb1 Bxd2 12. Nbxd2 b5 13. Bd3 Bb7 14. Rac1 Qb6
15. dxc5 Nxc5 16. Bb1 Nce4 17. Nxe4 Nxe4 18. Rfd1 Rfd8 19. Rd4 Rxd4 20. Nxd4
Rd8 21. h3 g6 22. Bxe4 Bxe4 23. b4 Bd5 24. Qb2 Qd6 25. a3 Qe5 26. Qc3 Qg5 27.
f3 e5 28. Nc2 Bxf3 29. Ne1 Be4 30. Kh2 h5 31. Nf3 Bxf3 32. gxf3 Qf5 33. Rc2 Rd3
34. Qc5 Rxa3 35. Rd2 h4 36. Qe7 Rd3 37. Rxd3 Qxd3 38. Qxe5 Qe2+ 39. Kg1 Qxf3
0-1

[Event "12sen.WM-H Naumburg"]
[Site "Naumburg/Saale(20.10.-03.11.)"]
[Date "2002.10.23"]
[Round "3"]
[White "Oelert, Ralf"]
[Black "Hoehne, Peter[38Wedd]"]
[Result "1/2-1/2"]
[WhiteElo "2077"]
[BlackElo "1767"]
[PlyCount "60"]
[EventDate "2002.11.??"]

1. e4 c5 2. Nf3 Nc6 3. c3 d6 4. d4 cxd4 5. cxd4 Bg4 6. d5 Bxf3 7. gxf3 Nb8 8.
Be3 Nf6 9. Nc3 g6 10. Rc1 a6 11. Qb3 b5 12. a4 Nbd7 13. axb5 axb5 14. Nxb5 Rc8
15. Rxc8 Qxc8 16. Na7 Qb8 17. Bb5 Bg7 18. Qa4 Qb7 19. b4 O-O 20. Bc6 Qc7 21.
Nb5 Qc8 22. Ke2 Ne5 23. Rc1 Qh3 24. Nd4 Bh6 25. Qb3 Qh5 26. b5 Nxe4 27. Ra1 Nc5
28. Qc3 Bg7 29. Bd2 Ne4 30. Qe3 Nxd2 1/2-1/2

[Event "12sen.WM-H Naumburg"]
[Site "Naumburg/Saale(20.10.-03.11.)"]
[Date "2002.10.23"]
[Round "3"]
[White "Ollek, Karl_Heinz"]
[Black "Maletzki, Heinz"]
[Result "1-0"]
[WhiteElo "1663"]
[BlackElo "1514"]
[PlyCount "99"]
[EventDate "2002.11.??"]

1. c4 e5 2. Nc3 Nc6 3. g3 Nf6 4. Bg2 Bc5 5. e3 a6 6. Nge2 Ne7 7. d4 exd4 8.
exd4 Ba7 9. O-O c6 10. d5 d6 11. h3 Bf5 12. Bg5 Qd7 13. Kh2 Neg8 14. dxc6 bxc6
15. Qa4 Ne7 16. Rad1 O-O 17. Bf4 Ne8 18. Nd4 Bxd4 19. Rxd4 Rb8 20. c5 Rxb2 21.
cxd6 Nd5 22. Nxd5 cxd5 23. Qxd7 Bxd7 24. Bxd5 h6 25. Bb3 Nf6 26. Rd2 Rxd2 27.
Bxd2 Ne4 28. Be3 g5 29. f3 Nf6 30. Kg2 Rc8 31. g4 Kf8 32. Rc1 Re8 33. Kf2 Rb8
34. h4 Nh7 35. Rc7 Rd8 36. Ra7 f5 37. gxf5 Ke8 38. Be6 Nf8 39. Bxd7+ Rxd7 40.
Rxa6 Nh7 41. Ra8+ Kf7 42. Ra7 Rxa7 43. Bxa7 g4 44. Bd4 Nf8 45. a4 Nd7 46. a5
Nb8 47. Kg2 Ke8 48. Bb6 Kd7 49. Bc7 Na6 50. fxg4 1-0

[Event "12sen.WM-H Naumburg"]
[Site "Naumburg/Saale(20.10.-03.11.)"]
[Date "2002.10.23"]
[Round "3"]
[White "Olsen, Willy"]
[Black "Dorawa, Bernhard"]
[Result "0-1"]
[WhiteElo "1842"]
[BlackElo "2148"]
[PlyCount "62"]
[EventDate "2002.11.??"]

1. d4 Nf6 2. c4 e6 3. Nc3 Bb4 4. Qc2 c5 5. e3 Nc6 6. Nf3 O-O 7. Bd3 d6 8. O-O
Bxc3 9. bxc3 e5 10. d5 Na5 11. e4 h6 12. h3 Nh5 13. Qe2 Qf6 14. Kh2 Nf4 15.
Bxf4 Qxf4+ 16. g3 Qf6 17. Nh4 g5 18. Nf5 Bxf5 19. exf5 e4 20. Bxe4 Qxc3 21.
Rac1 Qf6 22. f3 b6 23. Qd2 Rfe8 24. Rfd1 Re5 25. Kg2 Kg7 26. Rc2 Rae8 27. Rb1
Qe7 28. Qc3 f6 29. Qd2 Rxe4 30. fxe4 Qxe4+ 31. Kh2 Nxc4 0-1